00306nam a2200121Ia 4500008004100000041000800041082001400049100002100063245004900084260001900133300000800152650002400160230516s9999 xx 000 0 und d aeng a174.4/SEK aVelasquez M. G.  aBusiness Ethics Concepts & Cases with C. D.  bpearson c2006 a437 aEDUCATION IN ETHICS